000
00333nam a22001457a 4500
005
20170401142057.0
008
170401b xxu||||| |||| 00| 0 eng d
020
_a
81-8143-603-2
041
_a
eng
100
_a
PANDEY,RAJENDRA
_9
3770
245
_a
PATKATHA KAISE LIKHEIN
300
_a
147
650
_a
MASS COMM
_9
3668
942
_c
BK
999
_c
5380
_d
5378